TF2 Sub Classes - Statistics

General Stats
  • This quiz has been taken 306 times
  • The average score is 8 of 14
Answer Stats
Base Game Answer % Correct
demoman + Chargin targe demoknight
92%
Soldier + rocket jumper Trolldier
88%
Heavy + family buissness fat scout
86%
pyro + neon annihilater pyroshark
79%
demoman + frying pan demopan
73%
medic + blutsauger battle medic
66%
Heavy + sandvich hoovy
64%
Scout + lime scunt
58%
spy + Ambassador gun spy
45%
engineer + eureka effect ninjaneer
44%
engineer + gunslinger battle engie
40%
demoman + bottle bottleknight
33%
Sniper + Huntsman Bow sniper
18%
Heavy + KGOB melee heavy
13%
No matching quizzes found
Score Distribution
Percent of People with Each Score
Percentile by Number Answered
Your Score History
You have not taken this quiz